000 00957cam a2200265 a 4500
001 000003142
005 20200929150337.0
008 791114s1971 ag b 001 0 spa
040 _aDO-SdBNP
_cDLC
_dDLC
041 1 7 _aspa
_heng
_2Código de idioma MARC
082 _a812.54
_bM647M
100 1 _aMoss, Leonard,
_d1931-
_99912
240 1 0 _aArthur Miller.
_lEspañol
245 1 0 _aArthur Miller /
_cLeonard Moss; traducción, Lucrecia C. de Mathé.
260 _aBuenos Aires :
_bCompañía General Fabril,
_c1971.
300 _a165 p. ;
_c20 cm.
490 1 _aTestimonios
534 _aTítulo original:
_tArthur Miller.
650 4 _aTeatro estadounidense
_xHistoria y crítica
_99913
650 4 _aLiteratura estadounidense
_xHistoria y crítica
_96786
600 1 4 _aMILLER, ARTHUR,
_d1915-2005
_xCRÍTICA E INTERPRETACIÓN
_99914
700 1 _aMathé, Lucrecia C. de,
_etr.
_99915
830 0 _aTestimonios
_91293
910 _aCatalogación por copia / LC
999 _c2973
_d2973